Libro guía: programación del trabajo escolar y desarrollo de actividades: segundo curso alumnos de 5 a 6 años
Shranjeno v:
| Format: | Knjiga |
|---|---|
| Jezik: | španščina |
| Izdano: |
Santiago
Santillana
1970
|
| Serija: | Tecnología educativa, 2
|
| Teme: | |
| Oznake: |
Označite
Brez oznak, prvi označite!
|
MARC
| LEADER | 00000nam a2200000 a 4500 | ||
|---|---|---|---|
| 001 | UCY8515 | ||
| 003 | CL-VaPUC | ||
| 008 | 950703e19700000CL |||||||||||||||||spa|d | ||
| 082 | 0 | 4 | |a 372.21 |b LIB |2 21 |
| 245 | 1 | 0 | |a Libro guía: programación del trabajo escolar y desarrollo de actividades: segundo curso alumnos de 5 a 6 años |
| 300 | |a 506 p | ||
| 942 | |c BK | ||
| 945 | |d 19950703 00:00:00 |a mfernand | ||
| 260 | |a Santiago |b Santillana |c 1970 | ||
| 650 | 0 | |a Educación preescolar |9 260381 | |
| 650 | 0 | |a Niños de edad preescolar |9 335607 | |
| 650 | 0 | |a Juegos educativos |9 307366 | |
| 650 | 0 | |a Desarrollo del lenguaje |9 311270 | |
| 650 | 0 | |a Desarrollo motor |9 313002 | |
| 650 | 0 | |a Educación artística |9 269035 | |
| 650 | 0 | |a Enseñanza de la música |9 339802 | |
| 650 | 0 | |a Apresto lectoescritura |9 309297 | |
| 650 | 0 | |a Apresto Matemática |9 339937 | |
| 583 | |a last modification |c 19950703 00:00:00 |k Rodrigo Vera | ||
| 490 | 0 | |a Tecnología educativa, 2 | |
| 999 | |c 235751 |d 235749 | ||
| 952 | |0 0 |1 0 |4 0 |6 372_210000000000000_LIB_1970 |7 0 |8 P |9 243364 |a BIBEDU |b BIBEDU |c BIBEDU_PB |d 2019-11-18 |i 152867K |o 372.21 LIB 1970 |p 152867K |r 2024-01-25 |w 2019-11-18 |y BK |k EDU | ||